000 00692nam a2200241 i 4500
001 C2-0267007
003 PPAK
005 20180727234320.0
008 050905s2004 ne a|||| ||||| | eng d
020 _a9971692945
040 _aPPAK
_beng
_cPPAK
_erda
082 0 4 _a746.089992
_223
090 0 0 _a746.089992
_bGAV
_dR
100 1 _aGavin, Traude,
_eauthor
245 1 0 _aIban ritual textiles
264 1 _aLeiden :
_bSingapore University Press ,
_c2004
300 _axi, 356 pages :
_billustrations ;
_c25 cm
336 _2rdacontent
_atext
337 _2rdamedia
_aunmediated
338 _2rdacarrier
_avolume
650 1 0 _aTextile fabrics, Iban - Malaysia - Sarawak.
942 _ddc
_cB
999 _c76036
_d76036